00763nam a2200169 i 4500001000700000003000900007005001700016008004100033040002000074100002000094245007600114260006200190300002800252500008900280650003400369852019000403159155ES-MaACL20230906211451.0040929s1897 fr a |||| | fre d aCAM bspa cCAM1 aMatignon, J. J.10aLes instruments de chirurgie des chinois / cpar le Dr. J. J. Matignon. aBordeaux : b[s.n.], c1897 (fImprimerie G. Gounouilhou) a8 p. : bil. ; c23 cm. aExtrait de Archives Cliniques de Bordeaux, sixième année, nº 11, novembre 1897. 4aMedicina-xMaterial y equipo. aES-MaACLjT-833-F-3 z-- Enc. hol. conservando la cub. original z-- Enc. en un vol. facticio z.- Dedicatoria del autor a Mr. de Calogan .- Sello de la Legación de España en China